000 00256nam a22001097a 4500
999 _c262629
_d262628
020 _a9780810993136
100 _aKinney Jeff
245 _aDiary of wimpy kid
260 _aNewYork
_bAmulet Books
490 _aWimpy Kid Do-It Your self series
942 _cBK